00297nam a2200121Ia 4500008004100000041000800041082001500049100001400064245004700078260001900125365001600144700001500160230718s9999 xx 000 0 und d aeng a620.1bUNA aUnadkat S aEngineering Mechanics Statics And Dynamics c2005bTech Max cRs.b535.00 aUnadkat S.